Library Logo

Pioneer International University Library Catalogue

The read-aloud handbook / (Record no. 3380)

MARC details
000 -LEADER
fixed length control field 00577pam a2200181 a 4500
005 - DATE AND TIME OF LATEST TRANSACTION
control field 20250901165412.0
008 - FIXED-LENGTH DATA ELEMENTS--GENERAL INFORMATION
fixed length control field 820427s1982 enka b 001 0 eng
010 ## - LIBRARY OF CONGRESS CONTROL NUMBER
LC control number 82009012
020 ## - INTERNATIONAL STANDARD BOOK NUMBER
International Standard Book Number 0140465340 (pbk.)
050 00 - LIBRARY OF CONGRESS CALL NUMBER
Classification number LB1573.5 .T74 1982
Item number .T68 1982
082 00 - DEWEY DECIMAL CLASSIFICATION NUMBER
Classification number 372.6
Edition information 19
100 1# - MAIN ENTRY--PERSONAL NAME
Personal name Trelease, Jim.
245 14 - TITLE STATEMENT
Title The read-aloud handbook /
Statement of responsibility, etc. by Jim Trelease ; photographs by Joanne Rathe.
260 ## - PUBLICATION, DISTRIBUTION, ETC.
Place of publication, distribution, etc. Harmondsworth, Middlesex, England ;
-- New York, N.Y. :
Name of publisher, distributor, etc. Penguin Books,
Date of publication, distribution, etc. 1982.
300 ## - PHYSICAL DESCRIPTION
Extent 223 p. :
Other physical details ill. ;
Dimensions 24 cm.
500 ## - GENERAL NOTE
General note Includes index.
942 ## - ADDED ENTRY ELEMENTS (KOHA)
Source of classification or shelving scheme Dewey Decimal Classification
Holdings
Withdrawn status Lost status Source of classification or shelving scheme Damaged status Not for loan Home library Current library Shelving location Date acquired Total checkouts Full call number Barcode Date last seen Price effective from Koha item type
    Library of Congress Classification     Main Library Main Library   03/23/2021   LB1573.5 .T74 1982 PIU0007570 03/23/2021 03/23/2021 Books